|
|
|
|
| LEADER |
00000nam0a2200000 4500 |
| 001 |
128357 |
| 005 |
20231101220117.0 |
| 010 |
|
|
|a 5858650015
|
| 020 |
|
|
|a RU
|b 91-49104
|
| 035 |
|
|
|a (RuTPU)RU\TPU\book\138835
|
| 090 |
|
|
|a 128357
|
| 100 |
|
|
|a 20071226d1991 m y0rusy5003 ca
|
| 101 |
1 |
|
|a rus
|c eng
|
| 102 |
|
|
|a RU
|
| 105 |
|
|
|a y z 000ay
|
| 200 |
1 |
|
|a Межзвездный скиталец
|e Роман
|f Дж. Лондон
|g пер. с англ. С. Займовский ; худож. А. Коротич
|
| 210 |
|
|
|a Свердловск
|c Банк культурной информации
|d 1991
|
| 215 |
|
|
|a 272 с.
|d 20 см
|
| 610 |
0 |
|
|a Научно-фантастические романы и рассказы (х. л.)
|
| 610 |
0 |
|
|a американская литература
|
| 675 |
|
|
|a 82
|z rus
|
| 700 |
|
1 |
|a Лондон
|b Дж.
|c настоящее имя Джон Гриффит
|c американский писатель
|f 1876-1916
|g Джек
|2 stltpush
|3 (RuTPU)RU\TPU\pers\14989
|9 5109
|
| 702 |
|
1 |
|a Займовский
|b С.
|4 730
|
| 702 |
|
1 |
|a Коротич
|b А.
|4 440
|
| 801 |
|
0 |
|a RU
|b RuMRKP
|c 19950417
|g psbo
|
| 801 |
|
1 |
|a RU
|b 63413507
|c 20071226
|g PSBO
|
| 801 |
|
2 |
|a RU
|b 63413507
|c 20071226
|g PSBO
|
| 942 |
|
|
|c BK
|